| 000 | 00545nam a2200133 a 4500 | ||
|---|---|---|---|
| 008 | 120416s1983 ||||||||||||||||| || u | ||
| 050 | _aHT 169.A31 Rea | ||
| 100 | _aTaylor, Brian Brace | ||
| 245 | 1 | 0 |
_aReading the contemporary African city _cedited by Brian B. Taylor |
| 260 |
_aSingapore _bConcept Media Pte Ltd. for the Aga Khan _c1983 |
||
| 300 | _axix, 165p. : ill | ||
| 350 | _a0.00 | ||
| 995 |
_D0.00 _FCBU-MAIN LIBRARY (Kitwe) _H1 _I3.00 _UAVAILABLE _ZMain Library Open Access Collection |
||
| 999 |
_c55651 _d55651 |
||